Geography Quiz

Random Geography or Blitz Quiz
Score 0/20 Timer 03:00
0 Plays Today
Question Answer Wrong Answers
Oregon Wyoming
76.4%
California
3.8%
Idaho
4.5%
Washington
1.5%
Kansas Louisiana
75.8%
Missouri
2.6%
Nebraska
4.4%
Oklahoma
2.9%
Arizona Texas
74.7%
California
5.9%
Nevada
3.7%
New Mexico
1.7%
Texas Colorado
73.4%
Arkansas
8.7%
New Mexico
1.8%
Oklahoma
2.3%
Ohio Maryland
71.1%
Kentucky
5.6%
Michigan
6.2%
Pennsylvania
3.2%
Montana Washington
70.8%
Idaho
3.2%
North Dakota
5.5%
Wyoming
6.4%
New York Ohio
70.6%
Connecticut
5.2%
New Jersey
1.8%
Vermont
8.8%
Minnesota Illinois
69.5%
North Dakota
4.1%
South Dakota
7.7%
Wisconsin
4.5%
Maryland New York
67.9%
Delaware
4.7%
Pennsylvania
7.5%
Virginia
6%
Utah Montana
64.6%
Arizona
10%
Colorado
2.8%
Wyoming
8.6%
Alabama Arkansas
64.6%
Florida
12.1%
Georgia
6.5%
Mississippi
2.8%
Tennessee Louisiana
62.7%
Georgia
7.6%
North Carolina
4.3%
Virginia
11.2%
New Jersey Connecticut
62.5%
Delaware
12.1%
New York
2.1%
Pennsylvania
9.3%
Wisconsin Indiana
61.3%
Iowa
14.5%
Michigan
5.9%
Minnesota
4%
Kentucky Pennsylvania
60.8%
Indiana
4.4%
Missouri
16.2%
Ohio
4.4%
Vermont Maine
57.1%
Massachusetts
11.9%
New Hampshire
2.1%
New York
15%
North Carolina West Virginia
56.2%
Georgia
21.7%
Tennessee
4.9%
Virginia
3.1%
Nebraska Illinois
55.7%
Missouri
10%
South Dakota
5.2%
Wyoming
14.7%
Georgia Mississippi
54.8%
North Carolina
23.7%
South Carolina
1.8%
Tennessee
5.6%
Nevada New Mexico
40.3%
California
1.7%
Idaho
13.4%
Oregon
31%
Remove Ads.
Support Sporcle.
Get the best of Sporcle when you Go Orange. This ad-free experience offers more features, more stats, and more fun while also helping to support Sporcle. Thank you for becoming a member.

You're not logged in!

Compare scores with friends on all Sporcle quizzes.
OR
Log In

Show Comments

Extras

Top Quizzes Today


Score Distribution

Your Account Isn't Verified!

In order to create a playlist on Sporcle, you need to verify the email address you used during registration. Go to your Sporcle Settings to finish the process.

Report this User

Report this user for behavior that violates our Community Guidelines.

Details: